Toutes les gares ferroviaires de l'Hérault - Statistiques

Statistiques générales
  • Ce quiz a été pris 18 fois
    6 depuis la dernière actualisation
  • Le résultat moyen est 13 sur 21
Statistiques - réponses
Fréquentation annuelle Nom de la gare % Correct
758 796 Agde
100%
1 693 346 Béziers
100%
863 440 Lunel
100%
7 534 414 Montpellier-Saint-Roch
100%
2 514 013 Montpellier-Sud-de-France
100%
1 506 642 Sète
100%
42 068 Bédarieux
75%
466 843 Frontignan
75%
12 518 Vias
75%
68 140 Villeneuve-lès-Maguelone
75%
551 329 Baillargues
50%
14 100 Lunel-Viel
50%
13 672 Marseillan-Plage
50%
15 540 Saint-Aunès
50%
20 072 Valergues - Lansargues
50%
66 432 Vic - Mireval
50%
713 Les Cabrils
25%
930 Lunas
25%
10 234 Magalas
25%
1 772 Ceilhes - Roqueredonde
0%
2 870 Le Bousquet-d'Orb
0%
Aucun quiz correspondant
Distribution des résultats
% des personnes avec chaque résultat
Percentile par nombre de réponses
Votre historique - résultats
Vous n’avez pas pris ce quiz depuis la dernière actualisation